000 00300nam a22001217a 4500
040 _cSK
082 _a581
100 _aNGIN CHHAY; ងឹន ឆាយ
245 _aPlant anatomy; រុក្ខកាយវិភាគវិទ្យា
260 _aRUA
_bNGI
_c1994
300 _a48p.
942 _cKB
999 _c9465
_d9465